01001cam a22003494i 4500003000900000005001700009008004100026035001800067040003300085082001900118100003600137245008100173264005500254300003900309336002100348337002500369338002300394490004200417505005600459526001000515526001000525526001000535526001000545526000800555526000800563526000800571526000800579526000800587526000800595526000800603630004000611PE-LiUPU20250731173453.0150616s1992 xxk r 000 0 spa d a(Sirsi) a6525 aPE-LiUPUbspacPE-LiUPUerda04a220.7bICC2211 aSmith, Henry Preserved,eautor.10aSamuel :ba Critical and Exegetical Commentary.n9 /cHenry Preserved Smith. 1aEdinburgh, Gran Bretaña :bT. & T. Clark,c1992. a421 páginas ;c21 centímetros. atext2rdacontent aunmediated2rdamedia avolume2rdacarrier1 aThe International Critical Commentary0 aComentarios sobre el libros 1 y 2 de Samuel Samuel. aSEG42 aSEG41 aSEG40 aSEG39 aP94 aP87 aP86 aP85 aP77 aP76 aP35 aBiblia.pA.T.pSamuelxComentarios.